| 000 | 00449nam a2200193Ia 4500 | ||
|---|---|---|---|
| 008 | 170918s9999 xx 000 0 und d | ||
| 020 | _a9780545007177 | ||
| 050 | _bC282 2007 | ||
| 100 | _aCarlin, Lydia | ||
| 245 | _aRain forest homes / | ||
| 245 | _cby Lydia Carlin. | ||
| 260 | _aNew York : | ||
| 260 | _bScholastic, | ||
| 260 | _c2007 | ||
| 300 | _a16 pages : | ||
| 300 | _bcolored illustration ; | ||
| 300 | _c23cm. | ||
| 500 | _a560 | ||
| 999 |
_c342830 _d342830 |
||